00337nam a2200121Ia 4500008004100000041000800041082001200049100001500061245004400076260005400120300003000174365001100204240624s9999 xx 000 0 und d aeng a158 CAU aCAUNT JOHN aBOOST YOUR SELF ESTEEM CREATING SUCCESS c2009aNew DelhibKogan Page India Private limited aiv, : 139 : p. : cm. ; 21 cRSb30